<?xml version="1.0" encoding="UTF-8"?>
<record
    xmlns:xsi="http://www.w3.org/2001/XMLSchema-instance"
    xsi:schemaLocation="http://www.loc.gov/MARC21/slim http://www.loc.gov/standards/marcxml/schema/MARC21slim.xsd"
    xmlns="http://www.loc.gov/MARC21/slim">

  <leader>02340    a2200217   4500</leader>
  <controlfield tag="001">53344</controlfield>
  <controlfield tag="005">20260407155807.0</controlfield>
  <controlfield tag="008">260407a1955    arg                 spa d</controlfield>
  <controlfield tag="003">AR-UNSa-BCEJYS</controlfield>
  <datafield tag="040" ind1=" " ind2=" ">
    <subfield code="a">AR-UNSa-BCEJYS</subfield>
    <subfield code="b">spa</subfield>
    <subfield code="c">AR-UNSa-BCEJYS</subfield>
  </datafield>
  <datafield tag="080" ind1=" " ind2=" ">
    <subfield code="a">94:33</subfield>
    <subfield code="x">Historia econ&#xF3;mica</subfield>
  </datafield>
  <datafield tag="245" ind1="1" ind2="0">
    <subfield code="a">Historia de la econom&#xED;a del mundo occidental</subfield>
    <subfield code="p">hasta principios de la segunda guerra mundial</subfield>
  </datafield>
  <datafield tag="264" ind1=" " ind2="1">
    <subfield code="a">M&#xE9;xico :</subfield>
    <subfield code="b">Uni&#xF3;n Tipogr&#xE1;fica Editorial Hispano-Americana (UTEHA)</subfield>
    <subfield code="c">1955</subfield>
  </datafield>
  <datafield tag="300" ind1=" " ind2=" ">
    <subfield code="a">xvi, 910 p.</subfield>
    <subfield code="c">22 cm.</subfield>
  </datafield>
  <datafield tag="505" ind1=" " ind2=" ">
    <subfield code="a">Primera parte: Fundamentos de la vida econ&#xF3;mica europea - I. Or&#xED;genes de la vida econ&#xF3;mica - II. Progreso econ&#xF3;mico del pr&#xF3;ximo oriente en la antiguedad - III. La vida econ&#xF3;mica de la cuenca mediterr&#xE1;nea en los tiempos cl&#xE1;sicos - Segunda parte: Vida econ&#xF3;mica medieval - IV. Fundamentos de la vida econ&#xF3;mica en la edad media - V. El sistema manorial y la sociedad agraria - VI. Las ciudades,el comercio y la industria en la edad media - Tercera parte: Expansi&#xF3;n de Europa y aparici&#xF3;n del orden econ&#xF3;mico moderno en el mundo antiguo y en el nuevo -VII. Expansi&#xF3;n de Europa y or&#xED;genes de la sociedad moderna - VIII. La revoluci&#xF3;n comercial y los comienzos de la industria y la agricultura modernas - IX. Capitalismo y polit&#xED;ca comercial en la primera &#xE9;poca de la edad moderna - Cuarta parte: La revoluci&#xF3;n industrial y el comienzo de la edad de las m&#xE1;quinas - X. El nuevo imperio de las m&#xE1;quinas y el comienzo del sistema fabril - XI. La revoluci&#xF3;n en la fuerza motriz,el transporte y las comunicaciones - XII. Ampliaci&#xF3;n de la revoluci&#xF3;n industrial a la Europa continental - XIII. Industrializaci&#xF3;n de Asia,Australasia y &#xC1;frica - XIV. La revoluci&#xF3;n industrial llega al nuevo mundo - XV. Defensa y cr&#xED;tica del primer capitalismo industrial - Quinta parte: La vida econ&#xF3;mica contempor&#xE1;nea:Las crisis en el sistema capitalista - XVI. Segunda revoluci&#xF3;n industrial - XVII. Capitalismo financiero - XVIII. Programas contempor&#xE1;neos de reforma social y econ&#xF3;mica - XIX. El imperialismo econ&#xF3;mico,la primera guerra mundial y sus consecuencias - XX. El mundo de la postguerra: Crisis del capitalismo y aparici&#xF3;n del comunismo en Rusia</subfield>
  </datafield>
  <datafield tag="041" ind1=" " ind2=" ">
    <subfield code="a">spa</subfield>
  </datafield>
  <datafield tag="942" ind1=" " ind2=" ">
    <subfield code="c">BK</subfield>
  </datafield>
  <datafield tag="590" ind1=" " ind2=" ">
    <subfield code="a">niveau_biblio:m niveau_hierar:0</subfield>
  </datafield>
  <datafield tag="100" ind1="1" ind2=" ">
    <subfield code="a">Barnes, Harry Elmer</subfield>
  </datafield>
  <datafield tag="700" ind1="1" ind2=" ">
    <subfield code="a">Mu&#xF1;oz, Orencio</subfield>
  </datafield>
  <datafield tag="999" ind1=" " ind2=" ">
    <subfield code="c">5200</subfield>
    <subfield code="d">5200</subfield>
  </datafield>
  <datafield tag="952" ind1=" " ind2=" ">
    <subfield code="0">0</subfield>
    <subfield code="1">0</subfield>
    <subfield code="4">0</subfield>
    <subfield code="7">0</subfield>
    <subfield code="a">BCEJYS</subfield>
    <subfield code="b">BCEJYS</subfield>
    <subfield code="c">16</subfield>
    <subfield code="d">2026-04-07</subfield>
    <subfield code="l">0</subfield>
    <subfield code="o">94:33 B259</subfield>
    <subfield code="p">L20652</subfield>
    <subfield code="r">2026-04-07 15:58:07</subfield>
    <subfield code="w">2026-04-07</subfield>
    <subfield code="y">L</subfield>
  </datafield>
  <datafield tag="952" ind1=" " ind2=" ">
    <subfield code="0">0</subfield>
    <subfield code="1">0</subfield>
    <subfield code="4">0</subfield>
    <subfield code="7">0</subfield>
    <subfield code="a">BCEJYS</subfield>
    <subfield code="b">BCEJYS</subfield>
    <subfield code="c">16</subfield>
    <subfield code="d">2026-04-07</subfield>
    <subfield code="l">0</subfield>
    <subfield code="o">94:33 B259</subfield>
    <subfield code="p">L20651</subfield>
    <subfield code="r">2026-04-07 15:58:07</subfield>
    <subfield code="w">2026-04-07</subfield>
    <subfield code="y">L</subfield>
  </datafield>
  <datafield tag="952" ind1=" " ind2=" ">
    <subfield code="0">0</subfield>
    <subfield code="1">0</subfield>
    <subfield code="4">0</subfield>
    <subfield code="7">0</subfield>
    <subfield code="a">BCEJYS</subfield>
    <subfield code="b">BCEJYS</subfield>
    <subfield code="c">16</subfield>
    <subfield code="d">2026-04-07</subfield>
    <subfield code="l">0</subfield>
    <subfield code="o">94:33 B259</subfield>
    <subfield code="p">L21579</subfield>
    <subfield code="r">2026-04-07 15:58:07</subfield>
    <subfield code="w">2026-04-07</subfield>
    <subfield code="y">L</subfield>
  </datafield>
  <datafield tag="952" ind1=" " ind2=" ">
    <subfield code="0">0</subfield>
    <subfield code="1">0</subfield>
    <subfield code="4">0</subfield>
    <subfield code="7">0</subfield>
    <subfield code="a">BCEJYS</subfield>
    <subfield code="b">BCEJYS</subfield>
    <subfield code="c">16</subfield>
    <subfield code="d">2026-04-07</subfield>
    <subfield code="l">0</subfield>
    <subfield code="o">94:33 B259</subfield>
    <subfield code="p">L21582</subfield>
    <subfield code="r">2026-04-07 15:58:07</subfield>
    <subfield code="w">2026-04-07</subfield>
    <subfield code="y">L</subfield>
  </datafield>
  <datafield tag="952" ind1=" " ind2=" ">
    <subfield code="0">0</subfield>
    <subfield code="1">0</subfield>
    <subfield code="4">0</subfield>
    <subfield code="7">0</subfield>
    <subfield code="a">BCEJYS</subfield>
    <subfield code="b">BCEJYS</subfield>
    <subfield code="c">16</subfield>
    <subfield code="d">2026-04-07</subfield>
    <subfield code="l">0</subfield>
    <subfield code="o">94:33 B259</subfield>
    <subfield code="p">L21580</subfield>
    <subfield code="r">2026-04-07 15:58:07</subfield>
    <subfield code="w">2026-04-07</subfield>
    <subfield code="y">L</subfield>
  </datafield>
</record>
